Measuring and monitoring biological diversity (Registro nro. 302)

Detalles MARC
000 -CABECERA
Campo de control 00876nam a2200289 a 4500
005 - FECHA Y HORA DE LA ULTIMA TRANSACCION
Campo de control 20150921114245.0
008 - ELEMENTOS DE LONGITUD FIJA—INFORMACION GENERAL
Campo de control 140220b1994 enk||||| |||| 00| 0 eng d
020 ## - ISBN
ISBN 1560982705
040 ## - FUENTE DE CATALOGACIÓN
Agencia catalogadora original CO-BoIAVH
Agencia transcriptora CO-BoIAVH
041 ## - IDIOMA
Código de idioma para texto/pista de sonido o título separado Inglés
044 ## - PAÍS DE PUBLICACIÓN
País de publicación Inglaterra
082 ## - NUMERO DE CLASIFICACION DECIMAL DEWEY
Número de clasificación 333.9578
Número del ítem H61m
100 ## - ASIENTO PRINCIPAL--NOMBRE PERSONAL
Nombre personal Heyer, Ronald W
245 ## - MENCION DE TITULO
Título Measuring and monitoring biological diversity
Parte restante del título standard methods for amphibians
260 ## - PUBLICACION, DISTRIBUCION, ETC. (PIE DE IMPRENTA)
Lugar de publicación, distribución, etc. Londres
Nombre del editor, distribuidor, etc. Smithsonian Institution Press
Fecha de publicación, distribución, etc. 1994
300 ## - DESCRIPCION FISICA
Extensión 364 p.
650 ## - ASIENTO SECUNDARIO DE MATERIA - TERMINO TEMATICO
Término temático o nombre geográfico como elemento de entrada Monitoreo biológico
650 ## - ASIENTO SECUNDARIO DE MATERIA - TERMINO TEMATICO
Término temático o nombre geográfico como elemento de entrada Anfibios
650 ## - ASIENTO SECUNDARIO DE MATERIA - TERMINO TEMATICO
Término temático o nombre geográfico como elemento de entrada Especiación biológica
650 ## - ASIENTO SECUNDARIO DE MATERIA - TERMINO TEMATICO
Término temático o nombre geográfico como elemento de entrada Mediciones biológicas
650 ## - ASIENTO SECUNDARIO DE MATERIA - TERMINO TEMATICO
Término temático o nombre geográfico como elemento de entrada Biodiversidad
700 ## - ASIENTO SECUNDARIO - NOMBRE PERSONAL
Nombre personal Donnelly, Maureen A
700 ## - ASIENTO SECUNDARIO - NOMBRE PERSONAL
Nombre personal McDiarmid, Roy W
700 ## - ASIENTO SECUNDARIO - NOMBRE PERSONAL
Nombre personal Hayek, Lee.Ann C
700 ## - ASIENTO SECUNDARIO - NOMBRE PERSONAL
Nombre personal Foster, Mercedes S
942 ## - ELEMENTOS ADICIONALES (KOHA)
Tipo de ítem Impreso
Sistema de clasificación Local
Existencias
Withdrawn status Lost status Sistema de Clasificación Damaged status No para préstamo Colección Inventariado Ubicación Permanente Ubicación actual Fecha de adquisición Fuente de Valor Valor Total Checkouts Número topográfico Inventario / Código de Barras Date last seen Ejemplar Price effective from Forma de adquisición Tipo de material
    Dewey Decimal Classification     General Inventariado 2017 Bogotá Bogotá 29/12/1997 Instituto 39000.00   LB-333.9578 H61m 000395 04/12/2012 Ej. 2 04/12/2012   Libro
    Dewey Decimal Classification     General Inventariado 2017 Sala Fabio Quevedo Sala Fabio Quevedo 29/12/1997 Instituto 39000.00   LB-333.9578 H61m 000394 04/12/2012 Ej. 1 04/12/2012   Libro
    Local     Herpetología Inventariado 2017 Villa de Leyva Villa de Leyva 13/06/2002 Instituto 39000.00   LB-00282 004768 04/12/2012 Ej. 1 04/12/2012 Compra Libro